[Event "48th Continental Open"]
[Site "Sturbridge, MA"]
[Date "2018.08.19"]
[Round "7.21"]
[White "Song, Alan"]
[Black "Procyk, Marijan"]
[Result "1-0"]
[WhiteElo "2043"]
[BlackElo "1940"]
[PlyCount "67"]
[EventDate "2018.08.??"]
[EventType "swiss"]
[EventRounds "9"]
[EventCountry "USA"]
[TimeControl "6000+10"]
[WhiteClock "0:16:21"]
[BlackClock "1:05:22"]

1. e4 {[%emt 0:00:10]} c5 {[%emt 0:00:28]} 2. Nf3 {[%emt 0:00:24]} d6 {[%emt 0:
00:17]} 3. d4 {[%emt 0:00:16]} cxd4 {[%emt 0:00:17]} 4. Nxd4 {[%emt 0:00:16]}
Nf6 {[%emt 0:00:18]} 5. Nc3 {[%emt 0:00:11]} g6 {[%emt 0:00:15]} 6. Be3 {
[%emt 0:00:20]} Bg7 {[%emt 0:00:16]} 7. f3 {[%emt 0:00:13]} O-O {[%emt 0:00:19]
} 8. Bc4 {[%emt 0:00:21]} Bd7 {[%emt 0:00:24]} 9. Qd2 {[%emt 0:00:13]} Nc6 {
[%emt 0:00:16]} 10. O-O-O {[%emt 0:00:14]} Rc8 {[%emt 0:00:32]} 11. Bb3 {
[%emt 0:00:12]} Ne5 {[%emt 0:00:20]} 12. Kb1 {[%emt 0:00:26]} Nc4 {[%emt 0:00:
33]} 13. Bxc4 {[%emt 0:00:15]} Rxc4 {[%emt 0:00:16]} 14. g4 {[%emt 0:00:30]}
Qb8 {[%emt 0:01:25]} 15. h4 {[%emt 0:01:17]} h5 {[%emt 0:00:18]} 16. gxh5 {
[%emt 0:03:05]} Nxh5 {[%emt 0:00:17]} 17. b3 {[%emt 0:00:20]} Rc5 {[%emt 0:01:
00]} 18. Nd5 {[%emt 0:00:53]} e6 {[%emt 0:03:11]} 19. Ne7+ {[%emt 0:01:39]} Kh7
{[%emt 0:00:24]} 20. Ndf5 {[%emt 0:01:36]} exf5 {[%emt 0:00:29]} 21. Bxc5 {
[%emt 0:00:19]} dxc5 {[%emt 0:00:21]} 22. Qd5 {[%emt 0:37:33]} Be6 {[%emt 0:02:
36]} 23. Qxc5 {[%emt 0:00:31]} b6 {[%emt 0:00:25]} 24. Qd6 {[%emt 0:02:48]} Qb7
{[%emt 0:04:15]} 25. Nxg6 {[%emt 0:08:50]} fxg6 {[%emt 0:05:33]} 26. Qxe6 {
[%emt 0:00:54]} Nf4 {[%emt 0:00:44]} 27. Rd7 {[%emt 0:03:31]} Qb8 {[%emt 0:06:
26]} 28. Qe7 {[%emt 0:00:35]} Nh5 {[%emt 0:00:17]} 29. Rb7 {[%emt 0:03:37]} Qc8
{[%emt 0:00:44]} 30. Rc7 {[%emt 0:00:51]} Qb8 {[%emt 0:00:31]} 31. Rg1 {
[%emt 0:05:11]} fxe4 {[%emt 0:01:12]} 32. Rg5 {[%emt 0:08:45]} Rg8 {[%emt 0:02:
44]} 33. Qxe4 {[%emt 0:01:02]} Qxc7 {[%emt 0:02:55]} 34. Qxg6+ {[%emt 0:02:01]}
1-0

[Event "48th Continental Open"]
[Site "Sturbridge, MA"]
[Date "2018.08.19"]
[Round "7.22"]
[White "Tanaka, Tyler"]
[Black "Lu, Jason"]
[Result "1-0"]
[WhiteElo "2007"]
[BlackElo "1826"]
[PlyCount "89"]
[EventDate "2018.08.??"]
[EventType "swiss"]
[EventRounds "9"]
[EventCountry "USA"]

1. e4 c5 2. Nf3 d6 3. d4 cxd4 4. Nxd4 Nf6 5. Nc3 a6 6. Bg5 e6 7. f4 h6 8. Bh4
Be7 9. Qd3 Nbd7 10. O-O-O Qc7 11. Be2 b5 12. a3 Bb7 13. Bf3 Rc8 14. Rhe1 g5 15.
e5 dxe5 16. Bxb7 Qxb7 17. Nxe6 gxh4 18. fxe5 Nh7 19. Ng7+ Kf8 20. Qf5 Nc5 21.
e6 Ng5 22. Nh5 Ncxe6 23. Nf6 Rc5 24. Qf2 Bxf6 25. Qxf6 Rh7 26. Rd8+ Nxd8 27.
Qxd8+ Kg7 28. Qd4+ f6 29. Qxc5 Kg6 30. Rf1 Rf7 31. Nd5 Ne4 32. Nf4+ Kg7 33.
Nh5+ Kh8 34. Qd4 Qc6 35. Rf4 Qc5 36. Rxe4 Qxh5 37. Rxh4 Qg5+ 38. Kb1 Qxg2 39.
Rxh6+ Kg7 40. Rh4 Qf1+ 41. Ka2 Qf5 42. Qg1+ Kf8 43. Rh8+ Ke7 44. Qa7+ Ke6 45.
Re8+ 1-0

[Event "48th Continental Open"]
[Site "Sturbridge, MA"]
[Date "2018.08.19"]
[Round "7.23"]
[White "Belous, Nicholas"]
[Black "Sage, J Timothy"]
[Result "1/2-1/2"]
[WhiteElo "1852"]
[BlackElo "2036"]
[PlyCount "57"]
[EventDate "2018.08.??"]
[EventType "swiss"]
[EventRounds "9"]
[EventCountry "USA"]
[TimeControl "6000+10"]
[WhiteClock "0:59:14"]
[BlackClock "0:21:06"]

1. e4 {[%emt 0:00:10]} Nc6 {[%emt 0:00:21]} 2. Nf3 {[%emt 0:00:12]} d6 {
[%emt 0:00:11]} 3. d4 {[%emt 0:00:12]} Nf6 {[%emt 0:00:13]} 4. Nc3 {[%emt 0:00:
14]} g6 {[%emt 0:00:12]} 5. Be3 {[%emt 0:00:12]} Bg7 {[%emt 0:00:11]} 6. h3 {
[%emt 0:00:11]} O-O {[%emt 0:00:13]} 7. Qd2 {[%emt 0:00:12]} e5 {[%emt 0:00:11]
} 8. dxe5 {[%emt 0:04:02]} Nxe5 {[%emt 0:00:35]} 9. Nxe5 {[%emt 0:01:14]} dxe5
{[%emt 0:00:17]} 10. Bc4 {[%emt 0:05:38]} c6 {[%emt 0:05:03]} 11. a3 {[%emt 0:
04:25]} Qe7 {[%emt 0:13:04]} 12. O-O-O {[%emt 0:01:00]} b5 {[%emt 0:04:27]} 13.
Bb3 {[%emt 0:02:06]} a5 {[%emt 0:01:19]} 14. f3 {[%emt 0:02:48]} a4 {[%emt 0:
08:09]} 15. Ba2 {[%emt 0:01:07]} b4 {[%emt 0:01:45]} 16. axb4 {[%emt 0:00:22]}
Qxb4 {[%emt 0:01:26]} 17. Qd6 {[%emt 0:00:56]} Qb7 {[%emt 0:05:50]} 18. Qa3 {
[%emt 0:06:20]} Re8 {[%emt 0:06:06]} 19. Bc5 {[%emt 0:01:40]} Nd7 {[%emt 0:03:
01]} 20. Bd6 {[%emt 0:02:11]} Nf8 {[%emt 0:06:41]} 21. Qb4 {[%emt 0:01:45]} Ne6
{[%emt 0:11:31]} 22. Qxb7 {[%emt 0:01:09]} Bxb7 {[%emt 0:00:10]} 23. Bxe6 {
[%emt 0:01:35]} Rxe6 {[%emt 0:00:10]} 24. Bc5 {[%emt 0:01:04]} Bf8 {[%emt 0:11:
38]} 25. Bxf8 {[%emt 0:01:39]} Kxf8 {[%emt 0:00:10]} 26. Rd7 {[%emt 0:00:53]}
Re7 {[%emt 0:00:10]} 27. Rhd1 {[%emt 0:00:30]} Ke8 {[%emt 0:00:30]} 28. Rxe7+ {
[%emt 0:00:59]} Kxe7 {[%emt 0:00:10]} 29. Na2 {[%emt 0:00:50]} 1/2-1/2

[Event "48th Continental Open"]
[Site "Sturbridge, MA"]
[Date "2018.08.19"]
[Round "7.24"]
[White "Riddell, Connor"]
[Black "Luo, Ryan"]
[Result "1/2-1/2"]
[WhiteElo "1716"]
[BlackElo "1805"]
[PlyCount "41"]
[EventDate "2018.08.??"]
[EventType "swiss"]
[EventRounds "9"]
[EventCountry "USA"]
[TimeControl "6000+10"]
[WhiteClock "0:34:36"]
[BlackClock "0:20:36"]

1. e4 {[%emt 0:00:10]} c6 {[%emt 0:00:52]} 2. d4 {[%emt 0:00:17]} d5 {[%emt 0:
00:13]} 3. Nc3 {[%emt 0:00:16]} dxe4 {[%emt 0:00:14]} 4. Nxe4 {[%emt 0:00:15]}
Bf5 {[%emt 0:00:14]} 5. Ng3 {[%emt 0:00:15]} Bg6 {[%emt 0:00:13]} 6. Nf3 {
[%emt 0:00:14]} Nd7 {[%emt 0:00:15]} 7. Bd3 {[%emt 0:00:14]} e6 {[%emt 0:00:26]
} 8. O-O {[%emt 0:00:14]} Ngf6 {[%emt 0:00:41]} 9. Bxg6 {[%emt 0:00:15]} hxg6 {
[%emt 0:00:22]} 10. Re1 {[%emt 0:22:48]} Qc7 {[%emt 0:18:25]} 11. Ng5 {[%emt 0:
06:57]} Be7 {[%emt 0:15:57]} 12. Qd3 {[%emt 0:07:06]} Nf8 {[%emt 0:06:27]} 13.
Qf3 {[%emt 0:11:56]} N8h7 {[%emt 0:09:50]} 14. N5e4 {[%emt 0:00:41]} Qa5 {
[%emt 0:15:08]} 15. Bd2 {[%emt 0:02:31]} Qd5 {[%emt 0:00:42]} 16. Nxf6+ {
[%emt 0:01:44]} Nxf6 {[%emt 0:05:01]} 17. Qxd5 {[%emt 0:01:45]} cxd5 {[%emt 0:
00:39]} 18. a4 {[%emt 0:04:17]} Rc8 {[%emt 0:05:14]} 19. c3 {[%emt 0:06:01]}
Bd6 {[%emt 0:00:13]} 20. f3 {[%emt 0:00:26]} Kd7 {[%emt 0:01:48]} 21. Nf1 {
[%emt 0:00:32]} 1/2-1/2

[Event "48th Continental Open"]
[Site "Sturbridge, MA"]
[Date "2018.08.19"]
[Round "8.3"]
[White "Otchiyev, Arslan"]
[Black "Gorovets, Andrey"]
[Result "1/2-1/2"]
[WhiteElo "2333"]
[BlackElo "2495"]
[PlyCount "53"]
[EventDate "2018.08.??"]
[EventType "swiss"]
[EventRounds "9"]
[EventCountry "USA"]
[TimeControl "6000+10"]
[WhiteClock "1:35:09"]
[BlackClock "0:28:33"]

1. e4 {[%emt 0:00:10]} c6 {[%emt 0:05:14]} 2. d4 {[%emt 0:00:11]} d5 {[%emt 0:
00:12]} 3. Nd2 {[%emt 0:00:11]} dxe4 {[%emt 0:00:23]} 4. Nxe4 {[%emt 0:00:11]}
Bf5 {[%emt 0:00:14]} 5. Ng3 {[%emt 0:00:11]} Bg6 {[%emt 0:00:25]} 6. h4 {
[%emt 0:00:11]} h6 {[%emt 0:00:11]} 7. h5 {[%emt 0:00:11]} Bh7 {[%emt 0:00:20]}
8. Nf3 {[%emt 0:00:11]} e6 {[%emt 0:03:15]} 9. Bd3 {[%emt 0:00:11]} Bxd3 {
[%emt 0:00:42]} 10. Qxd3 {[%emt 0:00:11]} Nf6 {[%emt 0:00:42]} 11. Bd2 {
[%emt 0:00:10]} Be7 {[%emt 0:03:15]} 12. O-O-O {[%emt 0:00:11]} O-O {[%emt 0:
01:13]} 13. Kb1 {[%emt 0:00:10]} c5 {[%emt 0:14:42]} 14. Ne4 {[%emt 0:00:11]}
Nc6 {[%emt 0:09:40]} 15. Nxf6+ {[%emt 0:00:10]} Bxf6 {[%emt 0:00:10]} 16. dxc5
{[%emt 0:01:22]} Qxd3 {[%emt 0:00:52]} 17. cxd3 {[%emt 0:00:10]} Rfd8 {[%emt 0:
03:24]} 18. Bc3 {[%emt 0:00:10]} Rd5 {[%emt 0:07:00]} 19. Bxf6 {[%emt 0:00:11]}
gxf6 {[%emt 0:00:11]} 20. d4 {[%emt 0:00:11]} Rad8 {[%emt 0:00:11]} 21. Rc1 {
[%emt 0:02:13]} Nxd4 {[%emt 0:03:04]} 22. Nxd4 {[%emt 0:00:11]} Rxd4 {[%emt 0:
00:10]} 23. Rh3 {[%emt 0:01:32]} Rd2 {[%emt 0:11:10]} 24. Rc2 {[%emt 0:00:10]}
Rd1+ {[%emt 0:01:48]} 25. Rc1 {[%emt 0:00:10]} R1d2 {[%emt 0:06:46]} 26. Rc2 {
[%emt 0:00:10]} Rd1+ {[%emt 0:00:43]} 27. Rc1 {[%emt 0:00:10]} 1/2-1/2

[Event "48th Continental Open"]
[Site "Sturbridge, MA"]
[Date "2018.08.19"]
[Round "8.4"]
[White "Baryshpolets, Andrey"]
[Black "Mulyar, Michael"]
[Result "0-1"]
[WhiteElo "2609"]
[BlackElo "2374"]
[PlyCount "93"]
[EventDate "2018.08.??"]
[EventType "swiss"]
[EventRounds "9"]
[EventCountry "USA"]
[TimeControl "6000+10"]
[WhiteClock "0:01:07"]
[BlackClock "0:24:35"]

1. d4 {[%emt 0:00:10]} d5 {[%emt 0:00:29]} 2. c4 {[%emt 0:00:15]} c6 {[%emt 0:
00:15]} 3. Nf3 {[%emt 0:00:33]} Nf6 {[%emt 0:00:16]} 4. Qc2 {[%emt 0:01:13]}
dxc4 {[%emt 0:00:21]} 5. Qxc4 {[%emt 0:00:15]} Bf5 {[%emt 0:00:16]} 6. g3 {
[%emt 0:00:25]} e6 {[%emt 0:00:18]} 7. Bg2 {[%emt 0:00:12]} Be7 {[%emt 0:00:19]
} 8. O-O {[%emt 0:00:31]} O-O {[%emt 0:00:16]} 9. Nc3 {[%emt 0:05:44]} Nbd7 {
[%emt 0:00:20]} 10. Re1 {[%emt 0:00:16]} Ne4 {[%emt 0:04:07]} 11. Qb3 {[%emt 0:
01:26]} Qb6 {[%emt 0:00:52]} 12. Nh4 {[%emt 0:00:58]} Bxh4 {[%emt 0:01:32]} 13.
gxh4 {[%emt 0:03:50]} Ndf6 {[%emt 0:08:20]} 14. f3 {[%emt 0:11:47]} Nxc3 {
[%emt 0:02:42]} 15. bxc3 {[%emt 0:01:33]} Qc7 {[%emt 0:00:18]} 16. e4 {[%emt 0:
05:02]} Bg6 {[%emt 0:00:16]} 17. a4 {[%emt 0:05:11]} h6 {[%emt 0:00:47]} 18.
Be3 {[%emt 0:05:04]} Nh5 {[%emt 0:02:33]} 19. Qb2 {[%emt 0:02:09]} Nf4 {
[%emt 0:00:28]} 20. Qd2 {[%emt 0:14:05]} Nxg2 {[%emt 0:00:34]} 21. Qxg2 {
[%emt 0:00:21]} Qa5 {[%emt 0:01:38]} 22. c4 {[%emt 0:06:04]} Qh5 {[%emt 0:00:
42]} 23. Bf2 {[%emt 0:03:47]} e5 {[%emt 0:00:28]} 24. dxe5 {[%emt 0:05:33]}
Qxe5 {[%emt 0:00:23]} 25. Qg3 {[%emt 0:00:52]} Qe6 {[%emt 0:01:53]} 26. Rad1 {
[%emt 0:06:59]} Qxc4 {[%emt 0:08:04]} 27. f4 {[%emt 0:02:36]} Bh5 {[%emt 0:00:
15]} 28. Rd4 {[%emt 0:01:32]} Qa2 {[%emt 0:01:25]} 29. Rd7 {[%emt 0:01:54]}
Rad8 {[%emt 0:05:03]} 30. Rxb7 {[%emt 0:00:43]} Qxa4 {[%emt 0:02:07]} 31. Rxa7
{[%emt 0:02:09]} Qc2 {[%emt 0:04:45]} 32. Ra5 {[%emt 0:02:41]} Rd3 {[%emt 0:00:
16]} 33. Be3 {[%emt 0:00:44]} Rd1 {[%emt 0:00:21]} 34. Rc5 {[%emt 0:07:42]}
Rxe1+ {[%emt 0:02:14]} 35. Qxe1 {[%emt 0:00:14]} Qxe4 {[%emt 0:00:49]} 36. Re5
{[%emt 0:01:23]} Qg6+ {[%emt 0:00:46]} 37. Qg3 {[%emt 0:00:00]} Qb1+ {[%emt 0:
03:13]} 38. Kg2 {[%emt 0:00:10]} Be2 {[%emt 0:03:51]} 39. Qf2 {[%emt 0:00:00]}
Bc4 {[%emt 0:00:28]} 40. f5 {[%emt 0:00:25]} Ra8 {[%emt 0:07:12]} 41. Kg3 {
[%emt 0:00:00]} f6 {[%emt 0:07:49]} 42. Rc5 {[%emt 0:00:00]} Ra2 {[%emt 0:01:
44]} 43. Qf3 {[%emt 0:00:00]} Bd5 {[%emt 0:01:07]} 44. Rxd5 {[%emt 0:00:00]}
cxd5 {[%emt 0:00:14]} 45. Qxd5+ {[%emt 0:00:00]} Kh7 {[%emt 0:00:13]} 46. Kg4 {
[%emt 0:00:00]} Ra4+ {[%emt 0:00:56]} 47. Kg3 {[%emt 0:00:15]} 0-1

[Event "48th Continental Open"]
[Site "Sturbridge, MA"]
[Date "2018.08.19"]
[Round "8.5"]
[White "Shanmugasundaram, Coimbatore"]
[Black "Kim, Yoon-Young"]
[Result "1/2-1/2"]
[WhiteElo "2147"]
[BlackElo "2360"]
[Annotator "Hater,David"]
[PlyCount "161"]
[EventDate "2018.08.??"]
[EventType "swiss"]
[EventRounds "9"]
[EventCountry "USA"]

1. c4 c6 2. g3 d5 3. cxd5 cxd5 4. Bg2 Nf6 5. Nf3 Nc6 6. d4 Bf5 7. O-O e6 8. Nc3
Be7 9. Bg5 h6 10. Bxf6 Bxf6 11. e3 O-O 12. Qe2 Rc8 13. Rfc1 Qd7 14. a3 Na5 15.
Nd2 Bg6 16. Qb5 Nc6 17. b4 Rc7 18. Nb3 b6 19. Bf1 Rfc8 20. Bd3 Bxd3 21. Qxd3
Ne7 22. Ne2 Nf5 23. Rxc7 Rxc7 24. Rc1 Rxc1+ 25. Nbxc1 Nd6 26. Qa6 Ne4 27. Qd3
Qa4 28. Qb3 Qc6 29. Na2 Nd2 30. Qc3 Nc4 31. Qb3 Be7 32. Nec3 a5 33. bxa5 bxa5
34. a4 g6 35. Qb5 Qc7 36. Kg2 Kg7 37. h4 h5 38. Qb3 g5 39. hxg5 Bxg5 40. Qd1
Bxe3 41. Qxh5 Bd2 42. Nb5 Qe7 43. Qg4+ Kf8 44. Qh4 Qxh4 45. gxh4 Kg7 46. Kf3
Nb6 47. Nac3 Kg6 48. Kg4 Be1 49. h5+ Kh6 50. f3 Bd2 51. Kh4 f5 52. Nb1 Be1+ 53.
Kh3 Nxa4 54. Nc7 Nc3 55. Na3 Ne2 56. Nxe6 Bd2 57. Nc7 Nf4+ 58. Kg3 Kg5 59. h6
Be1+ 60. Kh2 Kxh6 61. Nc2 Bd2 62. Kg3 Kg5 63. Kf2 a4 64. Nb5 Kf6 65. Ne3 Ba5
66. Kg3 Kg5 67. Kf2 Bb4 68. Nc2 Bd2 69. Nba3 Bc1 70. Nb5 Bb2 71. Ke3 Ne6 72.
Kd3 Kf4 73. Ne3 a3 74. Nxd5+ Kxf3 75. Nb4 Nf4+ 76. Kc4 Ng6 77. d5 Ke2 78. d6 f4
79. Kb3 Ne5 80. Nc2 Nc6 81. d7 {Both players under 5 minutes. No further score
available. Drawn by 50 move rule many moves later.} 1/2-1/2

[Event "48th Continental Open"]
[Site "Sturbridge, MA"]
[Date "2018.08.19"]
[Round "8.7"]
[White "Graif, William"]
[Black "Kumar, Aravind"]
[Result "1-0"]
[WhiteElo "2123"]
[BlackElo "2169"]
[PlyCount "161"]
[EventDate "2018.08.??"]
[EventType "swiss"]
[EventRounds "9"]
[EventCountry "USA"]
[TimeControl "6000+10"]
[WhiteClock "0:00:13"]
[BlackClock "0:08:02"]

1. e4 {[%emt 0:00:10]} e6 2. d4 {[%emt 0:00:14]} d5 {[%emt 0:00:36]} 3. Nd2 {
[%emt 0:00:15]} Be7 {[%emt 0:00:49]} 4. c3 {[%emt 0:00:23]} c5 {[%emt 0:02:34]}
5. dxc5 {[%emt 0:00:42]} Nf6 {[%emt 0:04:34]} 6. exd5 {[%emt 0:00:32]} Qxd5 {
[%emt 0:03:49]} 7. b4 {[%emt 0:00:52]} a5 {[%emt 0:02:52]} 8. Ngf3 {[%emt 0:01:
17]} Nc6 {[%emt 0:13:34]} 9. Bc4 {[%emt 0:01:09]} Qh5 {[%emt 0:06:47]} 10. Rb1
{[%emt 0:07:29]} Nd5 {[%emt 0:21:41]} 11. Bxd5 {[%emt 0:27:41]} exd5 {[%emt 0:
08:25]} 12. b5 {[%emt 0:22:35]} Nd8 {[%emt 0:10:27]} 13. O-O {[%emt 0:11:52]}
O-O {[%emt 0:08:15]} 14. Re1 {[%emt 0:04:41]} Ne6 {[%emt 0:01:37]} 15. Nf1 {
[%emt 0:01:03]} Bf6 {[%emt 0:03:55]} 16. Nd4 {[%emt 0:03:15]} Qxd1 {[%emt 0:04:
33]} 17. Rxd1 {[%emt 0:00:10]} Nxc5 {[%emt 0:00:10]} 18. Ba3 {[%emt 0:00:17]}
b6 {[%emt 0:00:10]} 19. Ne3 {[%emt 0:02:50]} Be6 {[%emt 0:00:58]} 20. Nb3 {
[%emt 0:00:32]} Ne4 {[%emt 0:04:51]} 21. Bxf8 {[%emt 0:00:31]} Kxf8 {[%emt 0:
00:41]} 22. Nxd5 {[%emt 0:03:52]} Bxd5 {[%emt 0:00:22]} 23. Rxd5 {[%emt 0:00:
10]} Nxc3 {[%emt 0:00:10]} 24. Rbd1 {[%emt 0:00:23]} a4 {[%emt 0:01:25]} 25.
Nc1 {[%emt 0:00:10]} Nxd5 {[%emt 0:00:35]} 26. Rxd5 {[%emt 0:00:10]} Rc8 {
[%emt 0:00:10]} 27. Rd1 {[%emt 0:00:10]} Rc2 {[%emt 0:00:00]} 28. g3 {[%emt 0:
00:10]} Rb2 {[%emt 0:00:35]} 29. Kg2 {[%emt 0:00:10]} Rb1 {[%emt 0:00:00]} 30.
Re1 {[%emt 0:00:11]} Bc3 {[%emt 0:00:00]} 31. Rf1 {[%emt 0:00:11]} Bf6 {
[%emt 0:00:00]} 32. Nd3 {[%emt 0:00:14]} Rxb5 {[%emt 0:00:00]} 33. Rc1 {
[%emt 0:00:14]} Rd5 {[%emt 0:00:00]} 34. Nb4 {[%emt 0:00:11]} Rc5 {[%emt 0:00:
00]} 35. Rb1 {[%emt 0:00:11]} Rb5 {[%emt 0:00:00]} 36. a3 {[%emt 0:00:11]} Be7
{[%emt 0:00:00]} 37. Kf3 {[%emt 0:00:12]} Bc5 {[%emt 0:00:00]} 38. Ke2 {
[%emt 0:00:12]} Ke7 {[%emt 0:00:00]} 39. Nd5+ {[%emt 0:00:13]} Kd6 {[%emt 0:00:
00]} 40. Rxb5 {[%emt 0:00:11]} Kxd5 {[%emt 0:00:00]} 41. Kd3 {[%emt 0:00:11]}
f5 {[%emt 0:00:00]} 42. f3 {[%emt 0:00:11]} g6 {[%emt 0:00:00]} 43. Rb1 {
[%emt 0:06:39]} Kc6 {[%emt 0:02:07]} 44. Kc3 {[%emt 0:02:50]} b5 {[%emt 0:00:
00]} 45. Kb2 {[%emt 0:00:52]} Bd4+ {[%emt 0:00:00]} 46. Ka2 {[%emt 0:00:41]} h5
{[%emt 0:00:00]} 47. Re1 {[%emt 0:00:00]} g5 {[%emt 0:00:00]} 48. Re6+ {
[%emt 0:00:00]} Kd5 {[%emt 0:00:00]} 49. Rh6 {[%emt 0:00:00]} g4 {[%emt 0:00:
00]} 50. f4 {[%emt 0:00:00]} Ke4 {[%emt 0:00:52]} 51. Rxh5 {[%emt 0:00:08]} Bc3
{[%emt 0:00:00]} 52. Rh7 {[%emt 0:00:00]} Kf3 {[%emt 0:00:00]} 53. Rf7 {
[%emt 0:00:00]} Kg2 {[%emt 0:00:01]} 54. Rxf5 {[%emt 0:00:00]} Kxh2 {[%emt 0:
00:10]} 55. Rc5 {[%emt 0:00:00]} Bf6 {[%emt 0:01:06]} 56. Rc6 {[%emt 0:00:12]}
Bd4 {[%emt 0:00:35]} 57. Rd6 {[%emt 0:00:42]} Bf2 {[%emt 0:00:00]} 58. f5 {
[%emt 0:00:28]} Bxg3 {[%emt 0:00:00]} 59. Rh6+ {[%emt 0:00:18]} Kg2 {[%emt 0:
00:00]} 60. f6 {[%emt 0:00:16]} Bd6 {[%emt 0:00:00]} 61. f7 {[%emt 0:00:11]}
Bc5 {[%emt 0:00:00]} 62. Rc6 {[%emt 0:00:13]} Be7 {[%emt 0:00:00]} 63. Re6 {
[%emt 0:00:13]} Bc5 {[%emt 0:00:00]} 64. Re5 {[%emt 0:00:11]} Bd6 {[%emt 0:00:
00]} 65. Rd5 {[%emt 0:00:15]} Be7 {[%emt 0:00:00]} 66. Rxb5 {[%emt 0:00:11]} g3
{[%emt 0:00:00]} 67. Ra5 {[%emt 0:00:11]} Kf3 {[%emt 0:00:00]} 68. f8=Q+ {
[%emt 0:00:12]} Bxf8 {[%emt 0:00:00]} 69. Rf5+ {[%emt 0:00:11]} Ke3 {[%emt 0:
00:00]} 70. Rxf8 {[%emt 0:00:11]} g2 {[%emt 0:00:00]} 71. Rg8 {[%emt 0:00:10]}
Kf2 {[%emt 0:00:00]} 72. Kb2 {[%emt 0:00:10]} g1=Q {[%emt 0:00:00]} 73. Rxg1 {
[%emt 0:00:11]} Kxg1 {[%emt 0:00:00]} 74. Kc3 {[%emt 0:00:10]} Kf2 {[%emt 0:00:
00]} 75. Kb4 {[%emt 0:00:10]} Ke3 {[%emt 0:00:00]} 76. Kxa4 {[%emt 0:00:10]}
Kd4 {[%emt 0:00:00]} 77. Kb5 {[%emt 0:00:10]} Kd5 {[%emt 0:00:00]} 78. Kb6 {
[%emt 0:00:11]} Kd6 {[%emt 0:00:00]} 79. a4 {[%emt 0:00:11]} Kd7 {[%emt 0:00:
00]} 80. Kb7 {[%emt 0:00:10]} Kd6 {[%emt 0:00:00]} 81. a5 {[%emt 0:00:11]} 1-0

[Event "48th Continental Open"]
[Site "Sturbridge, MA"]
[Date "2018.08.19"]
[Round "8.9"]
[White "Botta, Alejandro"]
[Black "Chen, Jacob"]
[Result "1-0"]
[WhiteElo "2156"]
[BlackElo "2084"]
[PlyCount "89"]
[EventDate "2018.08.??"]
[EventType "swiss"]
[EventRounds "9"]
[EventCountry "USA"]

1. d4 Nf6 2. Nf3 b6 3. e3 Bb7 4. Bd3 e6 5. O-O Be7 6. Nbd2 d5 7. Ne5 O-O 8. f4
Ne4 9. c4 f6 10. Nef3 f5 11. cxd5 exd5 12. Ne5 Nd7 13. g4 Nxe5 14. dxe5 Bc5 15.
Nb3 fxg4 16. Bxe4 dxe4 17. Nxc5 Qxd1 18. Rxd1 bxc5 19. b3 Rfd8 20. Ba3 g6 21.
Bxc5 Bd5 22. Rd4 Kf7 23. Rad1 c6 24. Bd6 Rd7 25. Rc1 Rb7 26. Rc5 a5 27. Ra4 Rb5
28. Kf2 Ke6 29. Kg3 Kf5 30. Rc2 h5 31. Kh4 Rb6 32. Rg2 Rb7 33. h3 Rh7 34. b4
Rha7 35. hxg4+ hxg4 36. Rxg4 Rh8+ 37. Kg3 Rah7 38. Rg5+ Ke6 39. Rxg6+ Kf7 40.
f5 Rh2 41. e6+ Bxe6 42. Rxe6 R8h3+ 43. Kf4 Rf2+ 44. Kxe4 Rh4+ 45. Bf4 1-0

[Event "48th Continental Open"]
[Site "Sturbridge, MA"]
[Date "2018.08.19"]
[Round "8.10"]
[White "Samadashvili, Martha"]
[Black "Genger, Eitan"]
[Result "1-0"]
[WhiteElo "2136"]
[BlackElo "1903"]
[PlyCount "76"]
[EventDate "2018.08.??"]
[EventType "swiss"]
[EventRounds "9"]
[EventCountry "USA"]
[TimeControl "6000+10"]
[WhiteClock "0:21:45"]
[BlackClock "0:22:04"]

1. e4 {[%emt 0:00:10]} c6 {[%emt 0:00:20]} 2. Nf3 {[%emt 0:02:37]} d5 {[%emt 0:
00:21]} 3. Nc3 {[%emt 0:00:18]} dxe4 {[%emt 0:00:21]} 4. Nxe4 {[%emt 0:00:12]}
Nf6 {[%emt 0:00:19]} 5. Nxf6+ {[%emt 0:00:41]} gxf6 {[%emt 0:00:10]} 6. d4 {
[%emt 0:01:07]} Bg4 {[%emt 0:00:21]} 7. Be2 {[%emt 0:01:39]} e6 {[%emt 0:00:32]
} 8. Bf4 {[%emt 0:02:44]} Nd7 {[%emt 0:00:40]} 9. c3 {[%emt 0:00:27]} Nb6 {
[%emt 0:00:23]} 10. Qb3 {[%emt 0:02:05]} Qd5 {[%emt 0:10:31]} 11. Qxd5 {
[%emt 0:06:09]} Nxd5 {[%emt 0:01:18]} 12. Bg3 {[%emt 0:00:22]} Bh6 {[%emt 0:03:
38]} 13. Nd2 {[%emt 0:05:53]} Bxe2 {[%emt 0:00:10]} 14. Kxe2 {[%emt 0:00:10]}
Nf4+ {[%emt 0:02:16]} 15. Bxf4 {[%emt 0:01:06]} Bxf4 {[%emt 0:00:11]} 16. Ne4 {
[%emt 0:00:38]} Ke7 {[%emt 0:01:45]} 17. g3 {[%emt 0:01:20]} Bd6 {[%emt 0:02:
40]} 18. f4 {[%emt 0:03:14]} f5 {[%emt 0:01:15]} 19. Ng5 {[%emt 0:00:28]} h5 {
[%emt 0:06:43]} 20. Nf3 {[%emt 0:02:41]} a5 {[%emt 0:01:43]} 21. c4 {[%emt 0:
04:37]} Rad8 {[%emt 0:01:39]} 22. Rad1 {[%emt 0:02:40]} Kf6 {[%emt 0:01:13]}
23. Rd3 {[%emt 0:00:49]} Rd7 {[%emt 0:10:31]} 24. Rb1 {[%emt 0:06:51]} Kg7 {
[%emt 0:09:56]} 25. c5 {[%emt 0:06:50]} Bc7 {[%emt 0:04:08]} 26. b4 {[%emt 0:
00:29]} axb4 {[%emt 0:05:16]} 27. Rxb4 {[%emt 0:00:38]} Ra8 {[%emt 0:00:19]}
28. Rxb7 {[%emt 0:05:03]} Rxa2+ {[%emt 0:00:36]} 29. Rd2 {[%emt 0:01:35]} Rxd2+
{[%emt 0:01:05]} 30. Nxd2 {[%emt 0:00:11]} Kf8 {[%emt 0:00:52]} 31. Kd3 {
[%emt 0:03:06]} Ke8 {[%emt 0:01:13]} 32. Nc4 {[%emt 0:06:36]} Kd8 {[%emt 0:00:
10]} 33. Nb6 {[%emt 0:08:11]} Bxb6 {[%emt 0:10:39]} 34. Rxd7+ {[%emt 0:00:20]}
Kxd7 {[%emt 0:00:13]} 35. cxb6 {[%emt 0:00:37]} Kc8 {[%emt 0:00:10]} 36. Kc4 {
[%emt 0:00:16]} Kb8 {[%emt 0:00:29]} 37. Kc5 {[%emt 0:00:58]} Kb7 {[%emt 0:00:
10]} 38. h3 {[%emt 0:00:47]} f6 {[%emt 0:00:10]} 1-0

[Event "48th Continental Open"]
[Site "Sturbridge, MA"]
[Date "2018.08.19"]
[Round "8.11"]
[White "Wu, Brandon"]
[Black "Torres, Yelfry"]
[Result "1/2-1/2"]
[WhiteElo "1980"]
[BlackElo "2120"]
[PlyCount "47"]
[EventDate "2018.08.??"]
[EventType "swiss"]
[EventRounds "9"]
[EventCountry "USA"]

1. Nf3 Nf6 2. g3 d6 3. d4 Nbd7 4. Bg2 e5 5. c4 Be7 6. O-O O-O 7. b3 c6 8. Bb2
Qc7 9. Nbd2 Re8 10. Qc2 Bf8 11. e4 a5 12. a3 c5 13. d5 g6 14. Ne1 Bg7 15. Nd3
b6 16. f4 Ng4 17. Rae1 Nh6 18. Nf3 f6 19. fxe5 Nxe5 20. Kh1 Nhf7 21. b4 Bd7 22.
b5 Qd8 23. Nf4 Qe7 24. Nd2 1/2-1/2